Bilecik Bilecik Bilecik Bilecik Bilecik

Kaybolan İstanbul'dan hatıralar/ (Record no. 26361)

MARC details
000 -BAŞLIK
Sabit Uzunluktaki Kontrol Alanı 02069nam a22003377a 4500
001 - KONTROL NUMARASI
Control Dosyası 0026417
003 - KONTROL NUMARASI KİMLİĞİ
Kontrol Alanı KOHA_MİRAKIL
005 - EN SON İŞLEM TARİHİ ve ZAMANI
Kontrol Alanı 20260207002528.0
007 - FİZİKSEL TANIM SABİT ALAN - GENEL BİLGİ
Sabit uzunluklu kontrol alanı ta
008 - SABİT UZUNLUKTAKİ VERİ ÖGELERİ - GENEL BİLGİ
Sabit Alan 101213b2010 tu |||gr||||#0|||0|tur |
020 ## - ISBN - ULUSLARARASI STANDART KİTAP NUMARASI
Isbn 9789754377965
040 ## - KATALOGLAMA KAYNAĞI
Özgün Kataloglama Kurumu TR-BiSEU
Kataloglama Dili tur
Çeviri Kurumu TR-BiSEU
Açıklama Kuralları rda
041 0# - DİL KODU
Metin ya da ses kaydının dil kodu tur
044 ## - YAYINLAYAN/ÜRETEN KURULUŞUN ÜLKE KODU
ISO country code tu
050 ## - SINIFLAMA ve YER NUMARASI
Sınıflama Numarası DR726
Yer Numarası .E8 2010
100 1# - KİŞİ ADI
Yazar Adı (Kişi adı) Es, Hikmet Feridun .
245 1# - ESER ADI BİLDİRİMİ
Başlık Kaybolan İstanbul'dan hatıralar/
Sorumluluk Bildirimi Hikmet Feridun Es ; Hikmet Feridun Es; editör Selçuk Karakılıç.
264 #1 - ÜRERİM, YAYIN, DAĞITIM ve TELİF BİLDİRİMİ
Yayın yeri İstanbul :
Yayınlayan Ötüken
Yayın tarihi 2010
300 ## - FİZİKSEL TANIMLAMA
Sayfa, Cilt vb. 352 sayfa: resimli
336 ## - İÇERİK TÜRÜ
Content type term metin
Content type code txt
Source rdacontent
337 ## - MEDYA TÜRÜ
Media type term aracısız
Media type code n
Source rdamedia
338 ## - TAŞIYICI TÜRÜ
Carrier type term cilt
Carrier type code nc
Source rdacarrier
490 1# - DİZİ BİLDİRİMİ
Dizi Bildirimi Yayın No ;834.
490 1# - DİZİ BİLDİRİMİ
Dizi Bildirimi Kültür Serisi ;
Cilt Numarası 433.
505 ## - İÇİNDEKİLER NOTU
İçindekiler Notu İstanbul dünyanın en çok değişen şehri.
650 #0 - KONU BAŞLIĞI EK GİRİŞ - KONU TERİMİ
Konusal terim veya coğrafi ad İstanbul (Türkiye)--Sosyal yaşam.
9 (RLIN) 52507
830 1# - SERİ EK GİRİŞİ - TEKBİÇİM ESER ADI
Tekbiçim Başlık Yayın No ;834.
9 (RLIN) 52508
830 1# - SERİ EK GİRİŞİ - TEKBİÇİM ESER ADI
Tekbiçim Başlık Kültür Serisi ;
Volume number/sequential designation 433.
9 (RLIN) 6554
907 ## - LOCAL DATA ELEMENT G, LDG (RLIN)
a Tarih
942 ## - EK GİRİŞ ÖGELERİ (KOHA)
Source of classification or shelving scheme Library of Congress Classification
Koha item type Book
505 ## - İÇİNDEKİLER NOTU
--
-- Hem yalnız semtleri ile değil, tipleri ile eğlence âlemleri ile âdetleri ile yemekleri ve kaybolan bazı ağız tatları ile değişti. Nerede akşamları bir sokak feneri altına ayaklı tablasını kurup gece yarılarına kadar muhallebi satan beyazlar giyinmiş seyyar muhallebici?
--
-- Nerede: "Naaaaaaaneeeeee suyu!", "Keeeeeekiiik suuuyu!" diye şişeleri meşin ceketinin geniş ceplerinde, sokak sokak dolaşan zat?
--
-- Ve bir köşe başında yıldırım gibi önümüze çıkıp, sonra asmalı dar bir sokağın loşluğunda bir hayal gibi kayboluveren alev rengi elbiseli, eli fenerli, yangın habercisi, köşklü? O sahici san'atkâr Eyüp oyuncakçısı ne yapıyor? Nerede o usta Beykoz paçacısı? Artık paça pişmiyor mu? Nerede "Gökte melek, yerde bulut! Goy, goy, goy canım!" diye kapı kapı dolaşan goygoycular?
--
-- Nerede faytonun bir tarafına yaslanıp bıyık bükerek kadınlara işaret eden Kuşdili Don Juan'ı?
--
-- Hepsi sanki koşa koşa bir masalın içine girip gözlerden kayboldular...
--
Holdings
Materyal Türü Kalıcı Konum Mevcut Konum Raf Yeri Sınıflandırma Kaynağı Edinim Bilgisi Ana Konular Alt Konular Yer Numarası Demirbaş Numarası Fatura Tarihi Maliyet, Alış Fiyatı Maliyet, Yenileme Fiyatı Geri Çekilme Durumu Kayıp Durumu Hasarlı Durumu Kredi için değil Kayıt Tarih Toplam Ödünçverme Son Görülme Tarihi Son Kontrol Tarihi
Book Prof. Dr. Azmi Özcan Kütüphanesi Prof. Dr. Azmi Özcan Kütüphanesi Uluğbey Salonu Library of Congress Classification Satın DÜNYA TARİHİ (AVRUPA, ASYA, AFRİKA VB.) Balkan Yarımadası DR726 .E8 2010 0026417 13/12/2010 16.15 16.15         13/12/2010 4 05/12/2024 05/12/2024